Štúdium možností zvyšovania produkcie bioplynu z biomasy
Guardado en:
| Autor principal: | |
|---|---|
| Otros Autores: | |
| Formato: | Manuscrito Libro |
| Lenguaje: | eslovaco |
| Materias: | |
| Acceso en línea: | http://is.stuba.sk/zp/portal_zp.pl?podrobnosti=102974 |
| Etiquetas: |
Sin Etiquetas, Sea el primero en etiquetar este registro!
|
MARC
| LEADER | 00000ntm a22000003a 4500 | ||
|---|---|---|---|
| 001 | stuzp46811 | ||
| 003 | SK-STU | ||
| 005 | 20160229160112.3 | ||
| 007 | ta | ||
| 008 | 150427s2015----xo-----f-mn---000-0-slo-d | ||
| 040 | |a STU |b slo | ||
| 041 | 0 | |a slo | |
| 100 | 1 | |a Adamjáková, Erika |u 046290 |4 aut |U FCHPT Ústav chemického a environmentálneho inžinierstva |T FCHPT Oddelenie environmentálneho inžinierstva |X 69314 |U C6290 |Y 120 |7 69314 | |
| 242 | 0 | 1 | |a Study of posibilities of biogas production increasing from biomass |y eng |
| 245 | 1 | 0 | |a Štúdium možností zvyšovania produkcie bioplynu z biomasy |
| 650 | 4 | |a bioplyn |2 slo | |
| 650 | 4 | |a predspracovanie lignocelulózových materiálov |2 slo | |
| 650 | 4 | |a pridávanie enzýmov |2 slo | |
| 650 | 4 | |a obilná slama |2 slo | |
| 650 | 4 | |a kukuričná siláž |2 slo | |
| 650 | 4 | |a pretreatment of lignocellulosic materials |2 eng | |
| 650 | 4 | |a biogas |2 eng | |
| 650 | 4 | |a enzyme addition |2 eng | |
| 650 | 4 | |a corn silage |2 eng | |
| 650 | 4 | |a wheat straw |2 eng | |
| 700 | 1 | |a Hutňan, Miroslav, |d 1960- |4 ths |X 3355 |7 A000003355 | |
| 856 | 4 | |u http://is.stuba.sk/zp/portal_zp.pl?podrobnosti=102974 | |
| SQL | |a stuzp46811 |b DDP |c SLO |d Štúdium možností zvyšovania produkcie bioplynu z biomasy |e 69314 |f Adamjáková, Erika |g 046290 |h 3355 |i Hutňan, Miroslav |j 20140609 |k 540 |l 04 |m http://is.stuba.sk/zp/portal_zp.pl?podrobnosti=102974 | ||